书目信息 |
| 题名: |
王禹偁“白体诗”研究
|
|
| 作者: | 秦蓁 , 李碧凝 , 肖田田 著 | |
| 分册: | ||
| 出版信息: | 成都 四川大学出版社 2018 |
|
| 页数: | 165页 | |
| 开本: | 21cm | |
| 丛书名: | ||
| 单 册: | ||
| 中图分类: | I207.227.441 | |
| 科图分类: | ||
| 主题词: | 诗歌研究--shi ge yan jiu--中国--北宋 | |
| 电子资源: | ||
| ISBN: | 978-7-5690-2273-5 | |
| 000 | 01467cam0 2200301 450 | |
| 001 | 012001009506 | |
| 005 | 20140102111331.0 | |
| 010 | @a978-7-5690-2273-5@dCNY28.00 | |
| 099 | @aCAL 012018195647 | |
| 100 | @a20181104d2018 em y0chiy50 ea | |
| 101 | 0 | @achi |
| 102 | @aCN@b510000 | |
| 105 | @ay a 000yy | |
| 106 | @ar | |
| 200 | 1 | @a王禹偁“白体诗”研究@Awang yu cheng “bai ti shi ”yan jiu@f秦蓁, 李碧凝, 肖田田著 |
| 210 | @a成都@c四川大学出版社@d2018 | |
| 215 | @a165页@d21cm | |
| 314 | @a秦蓁, 四川资阳人, 四川大学文学与新闻学院博士研究生。李碧凝, 天津人, 四川大学文学与新闻学院博士在读, 从事唐宋文学研究。肖田田, 山东泰安人, 四川大学文学与新闻学院2014级中国古代文学专业博士研究生, 研究方向为唐宋文学。 | |
| 320 | @a有书目 (第162-165页) | |
| 330 | @a本书着力研究王禹偁的“白体诗”。宋初“白体诗”主要是平易顺熟的唱和诗, 有着雍和闲雅、浅切随意的风格特点。“白体诗”这种内涵和特点有着文学自身发展的原因和当时的社会原因。作为“白体诗”代表诗人的王禹偁在前期也写作了不少唱和诗, 但是他能够超越流俗, 创作出反映社会现实, 关心民间疾苦的诗篇, 体现了一个正直士大夫的社会责任感, 受到了后世文人的激赏, 也为研究者所重视。 | |
| 600 | 0 | @a王禹偁,@Awang yu cheng@f954-1000@x诗歌研究 |
| 606 | 0 | @a诗歌研究@Ashi ge yan jiu@y中国@z北宋 |
| 690 | @aI207.227.441@v5 | |
| 701 | 0 | @a秦蓁@Aqin zhen@4著 |
| 701 | 0 | @a李碧凝@Ali bi ning@4著 |
| 701 | 0 | @a肖田田@Axiao tian tian@4著 |
| 801 | 0 | @aCN@b上海新华@c20191020 |
| 905 | @b1188452-5@dI207.227.441@e1232@f4 | |
| 王禹偁“白体诗”研究/秦蓁, 李碧凝, 肖田田著.-成都:四川大学出版社,2018 |
| 165页;21cm |
| ISBN 978-7-5690-2273-5:CNY28.00 |
| 本书着力研究王禹偁的“白体诗”。宋初“白体诗”主要是平易顺熟的唱和诗, 有着雍和闲雅、浅切随意的风格特点。“白体诗”这种内涵和特点有着文学自身发展的原因和当时的社会原因。作为“白体诗”代表诗人的王禹偁在前期也写作了不少唱和诗, 但是他能够超越流俗, 创作出反映社会现实, 关心民间疾苦的诗篇, 体现了一个正直士大夫的社会责任感, 受到了后世文人的激赏, 也为研究者所重视。 |
| ● |
| 相关链接 |
|
|
|
|
正题名:王禹偁"白体诗"研究
索取号:I207.227.441/1232
 
预约/预借
| 序号 | 登录号 | 条形码 | 馆藏地/架位号 | 状态 | 备注 |
| 1 | 1188452 | 211884521 | 第一样本阅览室/ [索取号:I207.227.441/1232] | 在馆 | |
| 2 | 1188453 | 211884530 | 第二借阅区/ [索取号:I207.227.441/1232] | 在馆 | |
| 3 | 1188454 | 211884549 | 第二借阅区/ [索取号:I207.227.441/1232] | 在馆 | |
| 4 | 1188455 | 211884558 | 第二借阅区/ [索取号:I207.227.441/1232] | 在馆 |